[Event "DVM U10 2016"]
[Site "Magdeburg GER"]
[Date "2016.12.28"]
[Round "4"]
[White "Fuhrmann, Bahne"]
[Black "Duduka, Artem"]
[Result "1/2-1/2"]
[Termination "normal"]
[Board "1.2"]
[WhiteElo "1276"]
[BlackElo "1435"]
[WhiteClock "00:28:39"]
[BlackClock "00:40:13"]
[WhiteTeam "Hamburger SK 1"]
[BlackTeam "SF Nordost Berlin 1"]
[PlyCount "65"]
[WhiteFideId "16244842"]
[BlackFideId "14194805"]
[EventCountry "GER"]
[EventRounds "7"]
[EventType "team-swiss"]
[EventDate "2016.12.27"]

1. e4 {[%clk 0:59:59]} e5 {[%clk 0:59:56]} 2. Nf3 {[%clk 0:59:52]} Nc6 {[%clk
0:59:52]} 3. Bc4 {[%clk 0:59:28]} Nf6 {[%clk 0:59:47]} 4. d3 {[%clk 0:59:08]}
Bc5 {[%clk 0:59:25]} 5. O-O {[%clk 0:58:38]} h6 {[%clk 0:59:20]} 6. c3 {[%clk
0:58:25]} d6 {[%clk 0:59:15]} 7. h3 {[%clk 0:57:49]} O-O {[%clk 0:59:04]} 8.
Nbd2 {[%clk 0:57:02]} Be6 {[%clk 0:58:53]} 9. Re1 {[%clk 0:56:29]} Qd7 {[%clk
0:58:34]} 10. Re2 {[%clk 0:55:05]} Na5 {[%clk 0:58:04]} 11. Bxe6 {[%clk
0:54:33]} fxe6 {[%clk 0:57:58]} 12. b4 {[%clk 0:54:23]} Nc6 {[%clk 0:57:18]}
13. bxc5 {[%clk 0:54:11]} dxc5 {[%clk 0:57:14]} 14. Nf1 {[%clk 0:53:30]} c4
{[%clk 0:56:53]} 15. d4 {[%clk 0:52:41]} Rad8 {[%clk 0:56:36]} 16. Bb2 {[%clk
0:51:13]} Nh5 {[%clk 0:55:47]} 17. Rd2 {[%clk 0:49:23]} Nf4 {[%clk 0:53:48]}
18. dxe5 {[%clk 0:47:03]} Qf7 {[%clk 0:52:04]} 19. Ba3 {[%clk 0:44:57]} Rfe8
{[%clk 0:51:39]} 20. Ng3 {[%clk 0:43:54]} Rxd2 {[%clk 0:51:02]} 21. Nxd2 {[%clk
0:42:52]} Nd3 {[%clk 0:50:39]} 22. Qf3 {[%clk 0:41:40]} Qd7 {[%clk 0:49:26]}
23. Nxc4 {[%clk 0:40:16]} b5 {[%clk 0:49:08]} 24. Nd6 {[%clk 0:39:03]} Ncxe5
{[%clk 0:48:28]} 25. Qe3 {[%clk 0:38:00]} cxd6 {[%clk 0:47:49]} 26. f4 {[%clk
0:36:30]} Nc4 {[%clk 0:47:37]} 27. Qxd3 {[%clk 0:36:21]} Nxa3 {[%clk 0:47:28]}
28. f5 {[%clk 0:35:19]} e5 {[%clk 0:47:11]} 29. Qd5+ {[%clk 0:34:58]} Kh8
{[%clk 0:45:06]} 30. Rd1 {[%clk 0:33:43]} Rd8 {[%clk 0:44:51]} 31. Nh5 {[%clk
0:33:22]} Qc7 {[%clk 0:42:57]} 32. f6 {[%clk 0:31:14]} g6 {[%clk 0:40:13]} 33.
f7 {[%clk 0:28:39]} 1/2-1/2

[Event "DVM U10 2016"]
[Site "Magdeburg GER"]
[Date "2016.12.28"]
[Round "4"]
[White "Reichmann, Felix"]
[Black "Garner, Isaac"]
[Result "1/2-1/2"]
[Termination "normal"]
[Board "1.3"]
[WhiteElo "1450"]
[BlackElo "1198"]
[WhiteClock "00:51:32"]
[BlackClock "00:37:43"]
[WhiteTeam "SF Nordost Berlin 1"]
[BlackTeam "Hamburger SK 1"]
[PlyCount "54"]
[WhiteFideId "16238290"]
[BlackFideId "16239261"]
[EventCountry "GER"]
[EventRounds "7"]
[EventType "team-swiss"]
[EventDate "2016.12.27"]

1. c4 {[%clk 0:59:59]} g6 {[%clk 0:59:55]} 2. g3 {[%clk 0:59:47]} Bg7 {[%clk
0:59:50]} 3. Bg2 {[%clk 0:59:42]} c5 {[%clk 0:59:44]} 4. Nc3 {[%clk 0:59:38]}
Nc6 {[%clk 0:59:41]} 5. e3 {[%clk 0:59:11]} e5 {[%clk 0:59:26]} 6. Nge2 {[%clk
0:59:05]} Nge7 {[%clk 0:59:20]} 7. O-O {[%clk 0:58:54]} d6 {[%clk 0:59:14]} 8.
b3 {[%clk 0:58:25]} O-O {[%clk 0:59:06]} 9. Bb2 {[%clk 0:58:22]} Be6 {[%clk
0:58:57]} 10. Nd5 {[%clk 0:58:09]} f5 {[%clk 0:57:49]} 11. d4 {[%clk 0:58:03]}
cxd4 {[%clk 0:56:46]} 12. exd4 {[%clk 0:58:01]} Bxd5 {[%clk 0:53:32]} 13. cxd5
{[%clk 0:57:46]} Nb4 {[%clk 0:51:34]} 14. dxe5 {[%clk 0:56:16]} dxe5 {[%clk
0:50:33]} 15. d6 {[%clk 0:56:06]} Nec6 {[%clk 0:49:56]} 16. a3 {[%clk 0:55:49]}
Na6 {[%clk 0:49:03]} 17. b4 {[%clk 0:55:44]} f4 {[%clk 0:46:43]} 18. Bd5+
{[%clk 0:55:28]} Kh8 {[%clk 0:46:32]} 19. b5 {[%clk 0:55:22]} fxg3 {[%clk
0:43:10]} 20. hxg3 {[%clk 0:55:10]} Qd7 {[%clk 0:40:49]} 21. bxc6 {[%clk
0:55:02]} bxc6 {[%clk 0:40:37]} 22. Bg2 {[%clk 0:54:51]} Rab8 {[%clk 0:39:47]}
23. Qd2 {[%clk 0:53:32]} Nc5 {[%clk 0:38:52]} 24. Rab1 {[%clk 0:53:03]} Nb3
{[%clk 0:38:25]} 25. Qc3 {[%clk 0:52:15]} Qxd6 {[%clk 0:37:59]} 26. Qxc6 {[%clk
0:51:53]} Qxc6 {[%clk 0:37:50]} 27. Bxc6 {[%clk 0:51:32]} Nd2 {[%clk 0:37:43]}
1/2-1/2

[Event "DVM U10 2016"]
[Site "Magdeburg GER"]
[Date "2016.12.28"]
[Round "4"]
[White "Kort, Felix"]
[Black "Beck, Felix"]
[Result "0-1"]
[Termination "normal"]
[Board "1.4"]
[WhiteElo "1572"]
[BlackElo "1254"]
[WhiteClock "00:00:07"]
[BlackClock "00:10:30"]
[WhiteTeam "Hamburger SK 1"]
[BlackTeam "SF Nordost Berlin 1"]
[PlyCount "60"]
[WhiteFideId "16220129"]
[BlackFideId "16255364"]
[EventCountry "GER"]
[EventRounds "7"]
[EventType "team-swiss"]
[EventDate "2016.12.27"]

1. d4 {[%clk 0:59:59]} d5 {[%clk 0:59:58]} 2. c4 {[%clk 0:59:54]} e6 {[%clk
0:59:53]} 3. Nc3 {[%clk 0:59:48]} Nf6 {[%clk 0:59:49]} 4. Bg5 {[%clk 0:59:15]}
Be7 {[%clk 0:59:24]} 5. Nf3 {[%clk 0:58:58]} Nbd7 {[%clk 0:59:07]} 6. e3 {[%clk
0:58:12]} b6 {[%clk 0:58:52]} 7. Bxf6 Nxf6 {[%clk 0:58:40]} 8. Be2 {[%clk
0:56:37]} O-O {[%clk 0:57:58]} 9. O-O {[%clk 0:56:04]} Bb7 {[%clk 0:57:51]} 10.
Qc2 {[%clk 0:54:50]} c5 {[%clk 0:56:26]} 11. Rad1 {[%clk 0:52:19]} Rc8 {[%clk
0:52:11]} 12. b3 {[%clk 0:47:54]} a6 {[%clk 0:50:20]} 13. Bd3 {[%clk 0:44:00]}
Qc7 {[%clk 0:48:37]} 14. Rfe1 {[%clk 0:40:44]} Rfd8 {[%clk 0:47:57]} 15. e4
{[%clk 0:37:14]} cxd4 {[%clk 0:42:20]} 16. Nxd4 {[%clk 0:34:39]} dxe4 {[%clk
0:39:57]} 17. Bxe4 {[%clk 0:33:11]} Nxe4 {[%clk 0:39:21]} 18. Nxe4 {[%clk
0:32:34]} b5 {[%clk 0:34:46]} 19. Qb2 {[%clk 0:22:58]} Bxe4 {[%clk 0:33:07]}
20. Rxe4 {[%clk 0:20:56]} bxc4 {[%clk 0:28:35]} 21. bxc4 {[%clk 0:19:34]} Bf6
{[%clk 0:23:38]} 22. Qe2 {[%clk 0:16:25]} Qxc4 {[%clk 0:19:41]} 23. Qe3 {[%clk
0:07:48]} Bxd4 {[%clk 0:15:58]} 24. Qf4 {[%clk 0:01:29]} Bxf2+ {[%clk 0:12:40]}
25. Kxf2 {[%clk 0:01:19]} Qc2+ {[%clk 0:12:20]} 26. Kg3 {[%clk 0:00:27]} Qxd1
{[%clk 0:11:48]} 27. Re3 {[%clk 0:00:09]} Rd3 {[%clk 0:11:01]} 28. Rxd3 {[%clk
0:00:08]} Qxd3+ {[%clk 0:10:53]} 29. Qf3 {[%clk 0:00:08]} Qxf3+ {[%clk
0:10:41]} 30. gxf3 {[%clk 0:00:07]} Rc2 {[%clk 0:10:30]} 0-1

[Event "DVM U10 2016"]
[Site "Magdeburg GER"]
[Date "2016.12.28"]
[Round "4"]
[White "Klühs, Gustaf"]
[Black "Bungarten, Jona"]
[Result "1/2-1/2"]
[Termination "normal"]
[Board "2.1"]
[WhiteElo "1620"]
[BlackElo "1716"]
[WhiteTeam "SC Borussia 1920 Friedrichsfelde"]
[BlackTeam "SF Brackel"]
[PlyCount "48"]
[WhiteFideId "16228936"]
[BlackFideId "16223608"]
[EventCountry "GER"]
[EventRounds "7"]
[EventType "team-swiss"]
[EventDate "2016.12.27"]

1. d4 d5 2. c4 e6 3. Nc3 c5 4. cxd5 cxd4 5. Qxd4 Nc6 6. Qd1 exd5 7. e3 Nf6 8.
a3 a6 9. Nf3 Bf5 10. Bd3 Qd7 11. O-O Be7 12. Ne2 O-O 13. Ng3 Bxd3 14. Qxd3 Bd6
15. Rd1 Ne5 16. Nxe5 Bxe5 17. Rb1 Rac8 18. b4 Rc4 19. Bb2 Bxb2 20. Rxb2 Rfc8
21. Qf5 Qxf5 22. Nxf5 Rc1 23. Rbd2 Rxd1+ 24. Rxd1 Rc3 1/2-1/2

[Event "DVM U10 2016"]
[Site "Magdeburg GER"]
[Date "2016.12.28"]
[Round "4"]
[White "Stych, Paul"]
[Black "Zielke, Ansgar"]
[Result "0-1"]
[Termination "normal"]
[Board "2.2"]
[WhiteElo "1136"]
[BlackElo "1356"]
[WhiteClock "00:30:27"]
[BlackClock "00:37:29"]
[WhiteTeam "SF Brackel"]
[BlackTeam "SC Borussia 1920 Friedrichsfelde"]
[PlyCount "112"]
[WhiteFideId "16255615"]
[BlackFideId "16244800"]
[EventCountry "GER"]
[EventRounds "7"]
[EventType "team-swiss"]
[EventDate "2016.12.27"]

1. e4 {[%clk 0:59:59]} c5 {[%clk 0:59:55]} 2. Nf3 {[%clk 0:59:52]} Nc6 {[%clk
0:59:50]} 3. d3 {[%clk 0:59:37]} e6 {[%clk 0:59:40]} 4. Be3 {[%clk 0:59:00]} d5
{[%clk 0:59:16]} 5. Be2 {[%clk 0:58:13]} Nf6 {[%clk 0:57:41]} 6. Nbd2 {[%clk
0:57:55]} Be7 {[%clk 0:56:40]} 7. O-O {[%clk 0:57:42]} O-O {[%clk 0:55:28]} 8.
e5 {[%clk 0:56:04]} Nd7 {[%clk 0:55:15]} 9. Bf4 {[%clk 0:54:35]} Qc7 {[%clk
0:54:35]} 10. c4 {[%clk 0:53:37]} d4 {[%clk 0:53:39]} 11. Nb3 {[%clk 0:53:00]}
Ndxe5 {[%clk 0:53:10]} 12. Nxe5 {[%clk 0:52:08]} Nxe5 {[%clk 0:53:03]} 13. Bxe5
{[%clk 0:52:01]} Qxe5 {[%clk 0:52:57]} 14. Re1 {[%clk 0:50:00]} Bd6 {[%clk
0:50:55]} 15. g3 {[%clk 0:49:49]} Qf6 {[%clk 0:50:38]} 16. Bg4 {[%clk 0:45:47]}
b6 {[%clk 0:50:25]} 17. Qf3 {[%clk 0:45:26]} Qxf3 {[%clk 0:50:13]} 18. Bxf3
{[%clk 0:45:20]} Rb8 {[%clk 0:50:05]} 19. a4 {[%clk 0:44:32]} a5 {[%clk
0:49:56]} 20. Nd2 {[%clk 0:43:37]} f5 {[%clk 0:49:10]} 21. g4 {[%clk 0:42:51]}
fxg4 {[%clk 0:49:01]} 22. Bxg4 {[%clk 0:42:44]} Bxh2+ {[%clk 0:46:25]} 23. Kxh2
{[%clk 0:41:17]} Rxf2+ {[%clk 0:46:18]} 24. Kg1 {[%clk 0:41:05]} Rxd2 {[%clk
0:46:13]} 25. Bxe6+ {[%clk 0:40:16]} Bxe6 {[%clk 0:45:55]} 26. Rxe6 {[%clk
0:40:11]} Rxd3 {[%clk 0:45:50]} 27. Rc6 {[%clk 0:37:42]} Rd2 {[%clk 0:45:23]}
28. Rb1 {[%clk 0:37:31]} Rc2 {[%clk 0:45:08]} 29. b3 {[%clk 0:37:16]} g6 {[%clk
0:43:07]} 30. Rc7 {[%clk 0:35:51]} Re2 {[%clk 0:42:47]} 31. Rf1 {[%clk
0:35:14]} d3 {[%clk 0:42:12]} 32. Rff7 {[%clk 0:35:01]} d2 {[%clk 0:41:38]} 33.
Rg7+ {[%clk 0:34:55]} Kf8 {[%clk 0:41:31]} 34. Rcf7+ {[%clk 0:34:32]} Ke8
{[%clk 0:41:20]} 35. Rf1 {[%clk 0:34:19]} Re1 {[%clk 0:39:45]} 36. Rg8+ {[%clk
0:33:47]} Ke7 {[%clk 0:39:37]} 37. Rxb8 {[%clk 0:33:22]} Rxf1+ {[%clk 0:39:28]}
38. Kxf1 {[%clk 0:33:20]} d1=Q+ {[%clk 0:39:15]} 39. Kf2 {[%clk 0:33:12]} Qd4+
{[%clk 0:39:04]} 40. Ke2 {[%clk 0:32:58]} Qe5+ {[%clk 0:38:58]} 41. Kd3 {[%clk
0:32:41]} Qxb8 {[%clk 0:38:51]} 42. Ke4 {[%clk 0:32:27]} Qb7+ {[%clk 0:38:41]}
43. Ke5 {[%clk 0:32:14]} Qc7+ {[%clk 0:38:25]} 44. Ke4 {[%clk 0:32:07]} Qd6
{[%clk 0:38:20]} 45. Ke3 {[%clk 0:31:59]} Qd4+ {[%clk 0:38:15]} 46. Ke2 {[%clk
0:31:52]} Qc3 {[%clk 0:38:11]} 47. Kf2 {[%clk 0:31:44]} Qd3 {[%clk 0:38:07]}
48. Kg2 {[%clk 0:31:33]} Qe3 {[%clk 0:38:01]} 49. Kf1 {[%clk 0:31:24]} Qd2
{[%clk 0:37:58]} 50. Kg1 {[%clk 0:31:14]} Qe2 {[%clk 0:37:54]} 51. Kh1 {[%clk
0:31:08]} Kf6 {[%clk 0:37:49]} 52. b4 {[%clk 0:31:02]} axb4 {[%clk 0:37:46]}
53. a5 {[%clk 0:30:47]} bxa5 {[%clk 0:37:39]} 54. Kg1 {[%clk 0:30:41]} b3
{[%clk 0:37:35]} 55. Kh1 {[%clk 0:30:32]} b2 {[%clk 0:37:29]} 56. Kg1 {[%clk
0:30:27]} b1=R# 0-1

[Event "DVM U10 2016"]
[Site "Magdeburg GER"]
[Date "2016.12.28"]
[Round "4"]
[White "Ermitsch, Magnus"]
[Black "Römer, Alois"]
[Result "1/2-1/2"]
[Termination "normal"]
[Board "2.3"]
[WhiteElo "1122"]
[BlackElo "1074"]
[WhiteClock "01:00:00"]
[BlackClock "01:00:00"]
[WhiteTeam "SC Borussia 1920 Friedrichsfelde"]
[BlackTeam "SF Brackel"]
[PlyCount "81"]
[WhiteFideId "16234464"]
[BlackFideId "16255607"]
[EventCountry "GER"]
[EventRounds "7"]
[EventType "team-swiss"]
[EventDate "2016.12.27"]

1. e4 {[%clk 0:59:58]} e5 {[%clk 0:59:55]} 2. Nf3 {[%clk 0:59:46]} Nc6 {[%clk
0:59:49]} 3. d4 {[%clk 0:59:39]} exd4 {[%clk 0:59:42]} 4. Nxd4 {[%clk 0:59:28]}
Bc5 {[%clk 0:59:16]} 5. Be3 {[%clk 0:59:19]} d6 {[%clk 0:58:45]} 6. Nxc6 {[%clk
0:59:04]} bxc6 {[%clk 0:58:38]} 7. Bxc5 {[%clk 0:58:46]} dxc5 {[%clk 0:58:35]}
8. Nc3 {[%clk 0:58:24]} Be6 {[%clk 0:57:33]} 9. Be2 {[%clk 0:56:07]} Nf6 {[%clk
0:57:14]} 10. O-O {[%clk 0:55:37]} O-O {[%clk 0:57:06]} 11. Bf3 {[%clk
0:53:28]} Bd7 {[%clk 0:54:21]} 12. Re1 {[%clk 0:51:46]} h6 13. e5 {[%clk
0:50:56]} Nh7 {[%clk 0:52:03]} 14. Qd3 {[%clk 0:48:36]} Ng5 {[%clk 0:50:52]}
15. Be2 {[%clk 0:47:12]} Re8 {[%clk 0:49:44]} 16. Bd1 {[%clk 0:45:50]} Qc8
{[%clk 0:47:15]} 17. Qg3 {[%clk 0:45:02]} Rb8 {[%clk 0:45:23]} 18. Na4 {[%clk
0:43:30]} c4 19. Be2 {[%clk 0:41:33]} c5 {[%clk 0:42:30]} 20. b3 cxb3 {[%clk
0:41:54]} 21. axb3 {[%clk 0:39:47]} Bf5 {[%clk 0:39:04]} 22. Bd3 {[%clk
0:38:13]} Bxd3 {[%clk 0:37:50]} 23. Qxd3 {[%clk 0:37:49]} Rd8 {[%clk 0:37:23]}
24. Qe3 {[%clk 0:36:09]} Qg4 {[%clk 0:35:11]} 25. h3 {[%clk 0:34:29]} Qf5
{[%clk 0:34:16]} 26. Re2 {[%clk 0:30:27]} Qg6 {[%clk 0:31:58]} 27. Nxc5 {[%clk
0:29:06]} Rb5 {[%clk 0:30:13]} 28. Nd3 {[%clk 0:27:14]} Rdd5 {[%clk 0:28:25]}
29. Rd1 {[%clk 0:25:25]} Rxe5 {[%clk 0:26:36]} 30. Nxe5 {[%clk 0:23:50]} Rxe5
{[%clk 0:26:19]} 31. Qg3 {[%clk 0:18:52]} Rxe2 {[%clk 0:25:38]} 32. Qxc7 {[%clk
0:17:30]} Nf3+ {[%clk 0:22:52]} 33. Kf1 {[%clk 0:16:44]} Rd2 {[%clk 0:22:34]}
34. Rxd2 {[%clk 0:15:50]} Nxd2+ {[%clk 0:22:23]} 35. Ke2 {[%clk 0:15:04]} Ne4
{[%clk 0:22:09]} 36. Qxa7 {[%clk 0:14:30]} Nf6 {[%clk 0:21:13]} 37. Qc5 {[%clk
0:13:34]} Qxg2 {[%clk 0:20:43]} 38. b4 {[%clk 0:13:19]} Qe4+ {[%clk 0:19:47]}
39. Kf1 {[%clk 0:12:54]} Nd5 {[%clk 0:18:50]} 40. b5 {[%clk 0:12:18]} Qe6
{[%clk 1:00:00]} 41. c4 {[%clk 1:00:00]} 1/2-1/2

[Event "DVM U10 2016"]
[Site "Magdeburg GER"]
[Date "2016.12.28"]
[Round "4"]
[White "Zabudkin, David"]
[Black "Neumann, Jasper"]
[Result "1-0"]
[Termination "normal"]
[Board "2.4"]
[WhiteElo "1114"]
[BlackElo "1011"]
[WhiteClock "00:39:37"]
[BlackClock "00:47:39"]
[WhiteTeam "SF Brackel"]
[BlackTeam "SC Borussia 1920 Friedrichsfelde"]
[PlyCount "71"]
[WhiteFideId "34605975"]
[EventCountry "GER"]
[EventRounds "7"]
[EventType "team-swiss"]
[EventDate "2016.12.27"]

1. e4 {[%clk 0:59:59]} e5 {[%clk 0:59:56]} 2. Nf3 {[%clk 0:59:48]} Nc6 {[%clk
0:59:50]} 3. Bc4 {[%clk 0:59:33]} Nf6 {[%clk 0:59:17]} 4. Ng5 {[%clk 0:59:18]}
d5 5. exd5 {[%clk 0:59:06]} Nxd5 {[%clk 0:59:09]} 6. d3 {[%clk 0:58:06]} Nf4
{[%clk 0:58:46]} 7. Nxf7 {[%clk 0:57:39]} Qf6 {[%clk 0:57:46]} 8. Nxh8 {[%clk
0:56:11]} Nxg2+ {[%clk 0:57:33]} 9. Kf1 {[%clk 0:56:03]} Nh4 {[%clk 0:57:14]}
10. Nf7 {[%clk 0:55:29]} Bc5 {[%clk 0:56:56]} 11. Qe2 {[%clk 0:54:52]} Bh3+
{[%clk 0:56:43]} 12. Ke1 {[%clk 0:54:31]} Ng2+ {[%clk 0:56:33]} 13. Kd1 {[%clk
0:54:14]} Qxf2 {[%clk 0:56:22]} 14. Qxf2 {[%clk 0:51:42]} Bxf2 {[%clk 0:56:13]}
15. Nc3 {[%clk 0:51:11]} Bg4+ {[%clk 0:55:27]} 16. Ne2 {[%clk 0:50:49]} Nd4
{[%clk 0:55:16]} 17. Nxe5 {[%clk 0:49:15]} Nxe2 {[%clk 0:55:02]} 18. Nxg4
{[%clk 0:49:00]} Nd4 {[%clk 0:52:52]} 19. Nxf2 Nh4 {[%clk 0:52:39]} 20. Re1+
{[%clk 0:48:28]} Kd7 {[%clk 0:52:22]} 21. Be3 {[%clk 0:47:50]} Ndf5 {[%clk
0:52:08]} 22. Bg5 {[%clk 0:47:31]} Nf3 {[%clk 0:51:55]} 23. Be6+ {[%clk
0:46:46]} Kd6 {[%clk 0:51:35]} 24. Bxf5 {[%clk 0:46:09]} Nxe1 {[%clk 0:51:25]}
25. Kxe1 {[%clk 0:45:55]} Re8+ {[%clk 0:51:25]} 26. Ne4+ {[%clk 0:45:35]} Ke5
{[%clk 0:51:10]} 27. Bxh7 {[%clk 0:45:14]} Kd4 {[%clk 0:50:53]} 28. a4 {[%clk
0:44:45]} Rf8 {[%clk 0:49:03]} 29. Ra3 {[%clk 0:44:14]} Rh8 {[%clk 0:48:42]}
30. Bg6 {[%clk 0:43:52]} Rxh2 {[%clk 0:48:36]} 31. Rc3 {[%clk 0:43:27]} c6
{[%clk 0:48:30]} 32. Rc4+ {[%clk 0:42:54]} Kd5 {[%clk 0:48:12]} 33. Bf7+ {[%clk
0:42:29]} Ke5 {[%clk 0:47:58]} 34. Be3 {[%clk 0:41:22]} b6 {[%clk 0:47:48]} 35.
a5 {[%clk 0:39:50]} b5 {[%clk 0:47:39]} 36. Rc5# {[%clk 0:39:37]} 1-0

[Event "DVM U10 2016"]
[Site "Magdeburg GER"]
[Date "2016.12.28"]
[Round "4"]
[White "Prieb, Robert"]
[Black "Hänselmann, Hendrik"]
[Result "1-0"]
[Termination "normal"]
[Board "3.1"]
[WhiteElo "1554"]
[BlackElo "1329"]
[WhiteClock "00:38:03"]
[BlackClock "00:15:42"]
[WhiteTeam "Schachakademie Paderborn 1"]
[BlackTeam "Karlsruher SF"]
[PlyCount "99"]
[WhiteFideId "16212002"]
[BlackFideId "16232755"]
[EventCountry "GER"]
[EventRounds "7"]
[EventType "team-swiss"]
[EventDate "2016.12.27"]

1. d4 {[%clk 0:59:57]} d5 {[%clk 0:59:59]} 2. c4 {[%clk 0:59:49]} e6 {[%clk
0:59:53]} 3. Nc3 {[%clk 0:59:40]} Nf6 {[%clk 0:59:45]} 4. Nf3 {[%clk 0:59:31]}
Nbd7 {[%clk 0:59:19]} 5. Bf4 {[%clk 0:59:02]} Be7 {[%clk 0:58:42]} 6. e3 {[%clk
0:58:29]} O-O {[%clk 0:58:28]} 7. c5 {[%clk 0:58:12]} b6 {[%clk 0:57:18]} 8. c6
{[%clk 0:57:36]} Nb8 {[%clk 0:56:46]} 9. Qa4 {[%clk 0:56:50]} Re8 {[%clk
0:48:56]} 10. Nb5 {[%clk 0:48:51]} Bd6 {[%clk 0:46:02]} 11. Bxd6 {[%clk
0:48:31]} cxd6 {[%clk 0:44:17]} 12. c7 {[%clk 0:48:14]} Qd7 {[%clk 0:42:03]}
13. cxb8=Q {[%clk 0:47:51]} Rxb8 {[%clk 0:41:45]} 14. Qxa7 {[%clk 0:46:54]}
Qxa7 {[%clk 0:41:16]} 15. Nxa7 {[%clk 0:46:46]} Bd7 {[%clk 0:40:34]} 16. Bb5
{[%clk 0:46:05]} Bxb5 {[%clk 0:39:41]} 17. Nxb5 {[%clk 0:45:58]} Red8 {[%clk
0:37:40]} 18. O-O {[%clk 0:45:41]} Rbc8 {[%clk 0:37:05]} 19. Rfc1 {[%clk
0:45:30]} Ne4 {[%clk 0:36:26]} 20. Ne1 {[%clk 0:44:29]} e5 {[%clk 0:33:53]} 21.
f3 {[%clk 0:43:43]} Rxc1 {[%clk 0:33:15]} 22. Rxc1 {[%clk 0:43:34]} Nf6 {[%clk
0:32:31]} 23. Nxd6 {[%clk 0:43:27]} exd4 {[%clk 0:29:55]} 24. exd4 {[%clk
0:43:08]} Kf8 {[%clk 0:28:54]} 25. Rc8 {[%clk 0:42:54]} Rxc8 {[%clk 0:28:27]}
26. Nxc8 {[%clk 0:42:40]} Nd7 {[%clk 0:28:06]} 27. Nd3 {[%clk 0:42:27]} b5
{[%clk 0:27:40]} 28. Na7 {[%clk 0:42:15]} Ke7 {[%clk 0:27:13]} 29. Nxb5 {[%clk
0:42:09]} Ke6 {[%clk 0:26:05]} 30. Nf4+ {[%clk 0:41:58]} Kf5 {[%clk 0:25:34]}
31. Nxd5 {[%clk 0:41:44]} f6 {[%clk 0:24:26]} 32. a4 {[%clk 0:41:30]} Nb8
{[%clk 0:23:48]} 33. a5 {[%clk 0:41:10]} Ke6 {[%clk 0:23:10]} 34. Ndc7+ {[%clk
0:40:56]} Kd7 {[%clk 0:22:55]} 35. a6 {[%clk 0:40:44]} Nxa6 {[%clk 0:22:23]}
36. Nxa6 {[%clk 0:40:38]} Kc6 {[%clk 0:21:01]} 37. Nbc7 {[%clk 0:40:26]} Kd6
{[%clk 0:20:41]} 38. b4 {[%clk 0:40:12]} Kc6 {[%clk 0:20:27]} 39. b5+ {[%clk
0:40:01]} Kb6 {[%clk 0:20:14]} 40. d5 {[%clk 0:39:55]} g5 {[%clk 0:19:55]} 41.
d6 {[%clk 0:39:45]} Kb7 {[%clk 0:19:04]} 42. d7 {[%clk 0:39:39]} g4 {[%clk
0:18:54]} 43. d8=B {[%clk 0:39:29]} gxf3 {[%clk 0:18:26]} 44. gxf3 {[%clk
0:39:14]} h5 {[%clk 0:18:14]} 45. Nd5 {[%clk 0:38:52]} h4 {[%clk 0:17:58]} 46.
Ndb4 {[%clk 0:38:44]} h3 {[%clk 0:17:34]} 47. b6 {[%clk 0:38:29]} f5 {[%clk
0:16:57]} 48. Nc5+ {[%clk 0:38:18]} Kc8 {[%clk 0:16:11]} 49. Nc6 {[%clk
0:38:03]} f4 {[%clk 0:15:42]} 50. b7# 1-0

[Event "DVM U10 2016"]
[Site "Magdeburg GER"]
[Date "2016.12.28"]
[Round "4"]
[White "Kiefhaber, Tobias"]
[Black "Schneider, Nils"]
[Result "1-0"]
[Termination "normal"]
[Board "3.2"]
[WhiteElo "1130"]
[BlackElo "1168"]
[WhiteClock "00:41:17"]
[BlackClock "00:02:19"]
[WhiteTeam "Karlsruher SF"]
[BlackTeam "Schachakademie Paderborn 1"]
[PlyCount "67"]
[WhiteFideId "16240693"]
[EventCountry "GER"]
[EventRounds "7"]
[EventType "team-swiss"]
[EventDate "2016.12.27"]

1. e4 {[%clk 1:00:00]} e6 {[%clk 0:59:59]} 2. d4 {[%clk 0:59:59]} d5 {[%clk
0:59:45]} 3. e5 {[%clk 0:59:52]} c5 {[%clk 0:59:35]} 4. c3 {[%clk 0:59:39]} Qb6
{[%clk 0:59:10]} 5. Qb3 {[%clk 0:59:06]} Nc6 {[%clk 0:55:46]} 6. c4 {[%clk
0:58:38]} Nxd4 {[%clk 0:53:04]} 7. Qc3 {[%clk 0:57:55]} Ne7 {[%clk 0:51:49]} 8.
Bd3 Nec6 {[%clk 0:50:11]} 9. Ne2 {[%clk 0:55:13]} Be7 {[%clk 0:48:36]} 10. O-O
{[%clk 0:54:11]} O-O {[%clk 0:44:45]} 11. Nf4 {[%clk 0:53:42]} Nxe5 {[%clk
0:41:53]} 12. cxd5 {[%clk 0:52:58]} Nxd3 {[%clk 0:39:38]} 13. Qxd3 {[%clk
0:51:53]} Rd8 {[%clk 0:33:41]} 14. dxe6 {[%clk 0:51:19]} Nxe6 {[%clk 0:31:05]}
15. Qb3 {[%clk 0:50:24]} Nxf4 {[%clk 0:26:53]} 16. Bxf4 {[%clk 0:50:04]} Be6
{[%clk 0:25:30]} 17. Qxb6 {[%clk 0:49:38]} axb6 {[%clk 0:24:49]} 18. Nc3 {[%clk
0:49:33]} Bd6 {[%clk 0:20:00]} 19. Be3 {[%clk 0:48:30]} Be5 {[%clk 0:18:34]}
20. a3 {[%clk 0:48:00]} Bxc3 {[%clk 0:13:48]} 21. bxc3 {[%clk 0:47:42]} Rd6
{[%clk 0:11:34]} 22. Bf4 {[%clk 0:47:03]} h6 {[%clk 0:08:19]} 23. Bxd6 {[%clk
0:46:55]} Rd8 {[%clk 0:07:48]} 24. Bc7 {[%clk 0:46:42]} Rd5 {[%clk 0:06:46]}
25. Bxb6 {[%clk 0:45:59]} Rg5 {[%clk 0:04:54]} 26. g3 {[%clk 0:45:47]} Kf8
{[%clk 0:04:46]} 27. a4 {[%clk 0:45:24]} Bc4 {[%clk 0:04:12]} 28. Rfe1 {[%clk
0:43:45]} Ba6 {[%clk 0:03:50]} 29. Rad1 {[%clk 0:43:22]} Kg8 {[%clk 0:03:35]}
30. h4 {[%clk 0:43:09]} Rf5 {[%clk 0:03:24]} 31. Rd8+ {[%clk 0:42:15]} Kh7
{[%clk 0:03:22]} 32. Ree8 {[%clk 0:41:49]} Rf6 {[%clk 0:02:53]} 33. h5 {[%clk
0:41:26]} Rxf2 {[%clk 0:02:19]} 34. Rh8# {[%clk 0:41:17]} 1-0